[Event "Uppsala Young Champions 2015"]
[Site "Vaksala torg, Uppsala, Sweden"]
[Date "2015.10.29"]
[Round "1.1"]
[White "Kassani, Sam"]
[Black "Samuelsson, Niclas"]
[Result "1/2-1/2"]
[WhiteElo "2171"]
[BlackElo "1912"]

1.Nf3 d5 2.b3 Nf6 3.Bb2 g6 4.e3 Bg7 5.c4 c6 6.Be2 O-O 7.O-O Nbd7 8.Nc3 Ne4
9.cxd5 cxd5 10.Qc2 Nxc3 11.Bxc3 Nf6 12.Rac1 Bf5 13.Qb2 Rc8 14.Qa3 a6 15.
Bb4 Rxc1 16.Rxc1 Re8 17.Nd4 Bd7 18.Nf3 Bf5 19.Ba5 Qb8 20.Bc7 Qa8 21.h3 h5 
22.d4 Bf8 23.Qa5 Rc8 24.Ne5 Be6 25.Qb6 Nd7 26.Nxd7 Bxd7 27.Bd3 e6 28.a4 
Be7 29.Rc2 Bc6 30.g4 h4 31.Kg2 Bd7 32.f3 Bg5 33.f4 Be7 34.e4 dxe4 35.Bxe4 
Bd8 36.Bxd8 Rxd8 37.d5 exd5 38.Bxd5 Bc6 39.Bxc6 bxc6 40.Qxc6 Rd2+ 41.Kh1 
Rd1+ 42.Kg2 Qd8 43.Re2 Qd3 44.Qe8+ Kg7 45.Qe3 Qd5+ 46.Qe4 Qxb3 47.Qe5+ Kh7
48.f5 Qd5+ 49.Qxd5 Rxd5 50.fxg6+ 1/2-1/2

[Event "Uppsala Young Champions 2015"]
[Site "Vaksala torg, Uppsala, Sweden"]
[Date "2015.10.29"]
[Round "1.2"]
[White "Fossan, Andreas"]
[Black "Denisov, Vladislav"]
[Result "0-1"]
[WhiteElo "1911"]
[BlackElo "2082"]

1.d4 d5 2.c4 e6 3.Nc3 Nf6 4.cxd5 exd5 5.Bg5 c6 6.e3 Bf5 7.Qf3 Bg6 8.Bxf6 
Qxf6 9.Qxf6 gxf6 10.Nf3 Nd7 11.Nh4 Bd6 12.Kd2 O-O-O 13.Bd3 Kb8 14.Nf5 Bxf5
15.Bxf5 Nb6 16.Rhd1 h5 17.h4 Rhg8 18.g3 Nc4+ 19.Ke2 Nxb2 20.Rdb1 Ba3 21.
Nd1 Nc4 22.Rb3 Be7 23.Rab1 Nd6 24.Bd3 Kc7 25.Nc3 Rb8 26.a4 f5 27.Kf3 Ne4 
28.Rd1 Bd6 29.Ne2 Kd7 30.Rb2 Ke6 31.a5 b6 32.axb6 axb6 33.Nf4+ Bxf4 34.
Kxf4 b5 35.Rc1 Rb6 36.Rbc2 Rg4+ 37.Kf3 Kd6 38.Kg2 Rg8 39.Kf3 b4 40.Kf4 b3 
41.Rb2 Ke6 42.f3 Nd6 43.Rc3 Rgb8 44.Be2 Kf6 45.Bd3 R8b7 46.Be2 Ne8 47.g4 
Ng7 48.g5+ Kg6 49.Bd1 f6 50.gxf6 Kxf6 51.Rcxb3 Ne6+ 52.Kg3 f4+ 53.Kf2 
fxe3+ 54.Kxe3 Rxb3+ 55.Rxb3 Rxb3+ 56.Bxb3 Ng7 57.Ba4 Nf5+ 58.Kd3 Nxh4 59.
Bxc6 Ng2 60.Bd7 h4 61.Ke2 Nf4+ 62.Kf2 Ke7 63.Bg4 Kd6 64.Bf5 Kc6 65.Bc8 Kb5
66.Ke3 h3 67.Kf2 h2 68.Bd7+ Kc4 0-1

[Event "Uppsala Young Champions 2015"]
[Site "Vaksala torg, Uppsala, Sweden"]
[Date "2015.10.29"]
[Round "1.3"]
[White "Berglind, Axel"]
[Black "Berntsen-Oybo, August"]
[Result "1-0"]
[WhiteElo "2078"]
[BlackElo "1909"]

1.c4 Nf6 2.Nf3 e6 3.g3 d5 4.Bg2 Bd6 5.O-O O-O 6.d4 c6 7.Qc2 Nbd7 8.Nc3 Re8
9.e4 dxe4 10.Nxe4 Nxe4 11.Qxe4 Nf6 12.Qd3 b6 13.Rd1 Qc7 14.Ne5 Bb7 15.Bf4 
Nh5 16.Qf3 Nxf4 17.gxf4 f6 18.Nd3 g5 19.fxg5 Bxh2+ 20.Kh1 fxg5 21.Re1 Bf4 
22.Qg4 Qf7 23.Re4 h5 24.Qh3 c5 25.Rxf4 gxf4 26.Ne5 Bxg2+ 27.Qxg2+ Qg7 28.
Qe4 Qf6 29.Rg1+ Kh8 30.Rg5 Re7 31.Qxa8+ Kh7 32.Qg8+ Kh6 33.Rg6+ 1-0

[Event "Uppsala Young Champions 2015"]
[Site "Vaksala torg, Uppsala, Sweden"]
[Date "2015.10.29"]
[Round "1.4"]
[White "Cardenas, William"]
[Black "Nilsson, Joakim"]
[Result "0-1"]
[WhiteElo "1832"]
[BlackElo "2037"]

1.e4 e5 2.Nf3 Nf6 3.Nxe5 d6 4.Nf3 Nxe4 5.Bd3 Nf6 6.O-O Be7 7.h3 Nc6 8.c3 
O-O 9.Bc2 d5 10.d4 Re8 11.Re1 Bd6 12.Bg5 Rxe1+ 13.Qxe1 Be6 14.Ne5 h6 15.
Bf4 Ne7 16.Nd2 Bf5 17.Qb1 Qc8 18.Bd3 Bxd3 19.Qxd3 Qf5 20.Qxf5 Nxf5 21.g4 
Ne7 22.Re1 Nc8 23.Kg2 Nb6 24.Nf1 Ne4 25.f3 Ng5 26.Ng3 Ne6 27.Bc1 Bxe5 28.
Rxe5 Nc4 29.Re2 Nd6 30.f4 Re8 31.f5 Ng5 32.Rxe8+ Nxe8 33.h4 Nh7 34.Bf4 
Nhf6 35.Kf3 Kf8 36.Ne2 Ke7 37.Nc1 Ne4 38.Nd3 N8d6 39.Nc5 Nxc5 40.dxc5 Ne4 
41.Be5 f6 42.c6 bxc6 43.Bxc7 Nc5 44.Bb8 a6 45.b3 Nd3 46.Ke3 Nc1 47.Kd2 
Nxa2 48.Ba7 Kd6 49.Kc2 Ke5 50.Kb2 Nxc3 51.Kxc3 Kf4 52.Kd4 Kxg4 53.Kc5 Kxf5
54.Kxc6 Ke4 55.Bc5 d4 56.Bb4 f5 57.Bd2 f4 58.Kc5 f3 59.Be1 d3 60.Kd4 Ke5 
0-1

[Event "Uppsala Young Champions 2015"]
[Site "Vaksala torg, Uppsala, Sweden"]
[Date "2015.10.29"]
[Round "1.5"]
[White "Bit-Narva, David"]
[Black "Ljunggren, Teddie"]
[Result "1-0"]
[WhiteElo "2036"]
[BlackElo "1829"]

1.e4 c5 2.Nf3 e6 3.c3 Nc6 4.d4 d5 5.exd5 Qxd5 6.Be2 cxd4 7.cxd4 Bb4+ 8.Nc3
Nge7 9.O-O Bxc3 10.bxc3 b6 11.Re1 Bb7 12.Bd3 Qd7 13.Ng5 h6 14.Qh5 g6 15.
Qh3 Nf5 16.Bc4 O-O 17.Ne4 Kg7 18.g4 Na5 19.gxf5 Bxe4 20.Qxh6+ 1-0

[Event "Uppsala Young Champions 2015"]
[Site "Vaksala torg, Uppsala, Sweden"]
[Date "2015.10.29"]
[Round "1.6"]
[White "Jappinen, Erland"]
[Black "Moradi, Kimia"]
[Result "0-1"]
[WhiteElo "1729"]
[BlackElo "2033"]

1.e4 e5 2.Nf3 Nc6 3.Bc4 Bc5 4.c3 Nf6 5.d4 exd4 6.cxd4 Bb4+ 7.Nc3 Nxe4 8.
O-O Bxc3 9.d5 Bf6 10.Re1 Ne7 11.Rxe4 d6 12.Ng5 h6 13.Bb5+ Bd7 14.Bxd7+ 
Qxd7 15.Nf3 O-O 16.Nh4 Rae8 17.Rg4 Nxd5 18.Bxh6 Re1+ 19.Qxe1 Qxg4 20.Bxg7 
Kxg7 21.Nf3 Nf4 22.Qf1 Re8 23.Rc1 Ne2+ 0-1

[Event "Uppsala Young Champions 2015"]
[Site "Vaksala torg, Uppsala, Sweden"]
[Date "2015.10.30"]
[Round "2.1"]
[White "Denisov, Vladislav"]
[Black "Bit-Narva, David"]
[Result "1-0"]
[WhiteElo "2082"]
[BlackElo "2036"]

1.e4 e5 2.Nf3 Nc6 3.Bb5 Nge7 4.O-O g6 5.c3 Bg7 6.d4 exd4 7.cxd4 a6 8.Ba4 
b5 9.Bb3 d6 10.h3 O-O 11.Nc3 Na5 12.Re1 c5 13.dxc5 dxc5 14.Bg5 Qc7 15.Bd5 
Bb7 16.Qc2 Nac6 17.Bxc6 Bxc6 18.Rad1 Rfe8 19.Re2 Qb7 20.Red2 h6 21.Be3 b4 
22.Nd5 Bxd5 23.exd5 Nf5 24.d6 Nxe3 25.fxe3 Qd7 26.Rd5 c4 27.Qxc4 Rxe3 28.
Rc5 Ree8 29.Rc7 Qb5 30.Qxf7+ 1-0

[Event "Uppsala Young Champions 2015"]
[Site "Vaksala torg, Uppsala, Sweden"]
[Date "2015.10.30"]
[Round "2.2"]
[White "Nilsson, Joakim"]
[Black "Berglind, Axel"]
[Result "0-1"]
[WhiteElo "2037"]
[BlackElo "2078"]

1.e4 c5 2.Nf3 d6 3.Bb5+ Nd7 4.c3 Nf6 5.Qe2 a6 6.Ba4 b5 7.Bc2 Bb7 8.O-O e6 
9.d4 Be7 10.Re1 Rc8 11.a3 Qc7 12.Bd3 h6 13.h3 O-O 14.Nbd2 cxd4 15.cxd4 e5 
16.dxe5 dxe5 17.Nb3 Rfd8 18.Bd2 Qd6 19.Bc3 Nh5 20.g3 Qe6 21.Na5 Ba8 22.Kh2
Nhf6 23.Bb1 Re8 24.Nh4 Bd8 25.Bb4 Nc5 26.Qf3 Ncxe4 27.Bxe4 Nxe4 28.Rxe4 
Bxh4 29.gxh4 f5 30.Rg1 Bxe4 31.Qg3 Qf7 32.Bc3 f4 33.Qg4 Bf5 34.Qg2 Rcd8 
35.Nc6 Rd3 36.Nxe5 Rxe5 37.Bxe5 g6 38.Qa8+ Qf8 39.Qxf8+ Kxf8 40.Bxf4 Rxh3+
41.Kg2 Rxh4 42.Be3 g5 43.Kf3 Rc4 44.Kg3 0-1

[Event "Uppsala Young Champions 2015"]
[Site "Vaksala torg, Uppsala, Sweden"]
[Date "2015.10.30"]
[Round "2.3"]
[White "Moradi, Kimia"]
[Black "Kassani, Sam"]
[Result "1-0"]
[WhiteElo "2033"]
[BlackElo "2171"]

1.e4 c6 2.d4 d5 3.exd5 cxd5 4.Bd3 Nc6 5.c3 Qc7 6.Ne2 a6 7.O-O e5 8.dxe5 
Nxe5 9.Bf4 Bd6 10.Ng3 Nf6 11.Nf5 Bxf5 12.Bxf5 O-O 13.Nd2 Rad8 14.Bg5 Be7 
15.Rc1 h6 16.Bh4 Nc6 17.Bg3 Qa5 18.Qc2 Rfe8 19.Rfd1 Bd6 20.Bxd6 Rxd6 21.
Nc4 dxc4 22.Rxd6 Qe5 23.Rdd1 g6 24.Bxg6 Ng4 25.g3 Qf6 26.Bf5 Nge5 27.Kg2 
Ne7 28.Be4 h5 29.Re1 h4 30.Qe2 Kg7 31.f4 h3+ 32.Kg1 N5g6 33.Bxg6 Qxg6 34.
Qxc4 Kh7 35.Qe4 Nf5 36.Qxe8 Nxg3 37.Kf2 Nf5 38.Qe4 Kh6 39.Rg1 Qb6+ 40.Ke2 
Qb5+ 41.c4 Qxb2+ 42.Kd1 Qxh2 43.Rh1 Ne3+ 1-0

[Event "Uppsala Young Champions 2015"]
[Site "Vaksala torg, Uppsala, Sweden"]
[Date "2015.10.30"]
[Round "2.4"]
[White "Samuelsson, Niclas"]
[Black "Fossan, Andreas"]
[Result "1/2-1/2"]
[WhiteElo "1912"]
[BlackElo "1911"]

1.e4 c6 2.Nc3 d5 3.Nf3 Bg4 4.h3 Bxf3 5.Qxf3 e6 6.d3 Nf6 7.g3 Nbd7 8.Bg2 
Bb4 9.O-O O-O 10.Qe2 Qc7 11.Nd1 Rad8 12.c4 dxe4 13.dxe4 e5 14.Ne3 Nc5 15.
Nc2 Nd3 16.Rd1 Nxc1 17.Raxc1 Be7 18.Ne3 g6 19.Ng4 Nxg4 20.Qxg4 Bc5 21.Rxd8
Rxd8 22.Rd1 Bd4 23.Qe2 Qb6 24.Bf3 a5 25.Kg2 a4 26.Qc2 Ra8 27.Rd2 a3 28.b3 
Qc5 29.Re2 Rd8 30.Rd2 Kg7 31.Qd3 Qa5 32.Qc2 Qc5 33.Qd3 Rb8 34.Rc2 b6 35.
Qe2 Qd6 36.Rd2 Rb7 37.Qd3 Rc7 38.Be2 Qc5 39.Bf3 Qd6 40.Be2 Qc5 41.Bf3 Rc8 
42.Rc2 Rc7 43.Rd2 Rc8 44.Rc2 Rc7 1/2-1/2

[Event "Uppsala Young Champions 2015"]
[Site "Vaksala torg, Uppsala, Sweden"]
[Date "2015.10.30"]
[Round "2.5"]
[White "Berntsen-Oybo, August"]
[Black "Jappinen, Erland"]
[Result "0-1"]
[WhiteElo "1909"]
[BlackElo "1729"]

1.d4 Nf6 2.Nf3 d5 3.Bg5 Nbd7 4.e3 e6 5.Bd3 c5 6.c3 cxd4 7.exd4 Bd6 8.O-O 
a6 9.Re1 b5 10.a3 h6 11.Bh4 O-O 12.Ne5 Qc7 13.Nxd7 Nxd7 14.Bg3 Bxg3 15.
hxg3 Rb8 16.Qe2 Re8 17.f4 Qb6 18.Nd2 a5 19.Nf3 b4 20.axb4 axb4 21.c4 dxc4 
22.Bxc4 Bb7 23.Qe3 Nf6 24.Ne5 Rbd8 25.Rad1 Nd5 26.Qf2 Ne7 27.Bd3 Bd5 28.
Kh2 Nc6 29.Re2 Bb3 30.Bc2 Bxc2 31.Rxc2 Ne7 32.Rcd2 Nf5 33.Kg1 Nd6 34.Qf3 
Nf5 35.Qf2 Rc8 36.d5 Qxf2+ 37.Kxf2 exd5 38.Rxd5 Rc2+ 39.R1d2 Rec8 40.g4 
Ne7 41.Rd7 Rxd2+ 42.Rxd2 b3 43.Ke3 f6 44.Nf3 Nc6 45.Rd3 Na5 46.Ke2 Rc2+ 
47.Rd2 Nc4 48.Rxc2 bxc2 0-1

[Event "Uppsala Young Champions 2015"]
[Site "Vaksala torg, Uppsala, Sweden"]
[Date "2015.10.30"]
[Round "2.6"]
[White "Ljunggren, Teddie"]
[Black "Cardenas, William"]
[Result "0-1"]
[WhiteElo "1829"]
[BlackElo "1832"]

1.e4 d6 2.d4 Nf6 3.Nc3 c6 4.Nf3 Bg4 5.Be2 e6 6.Be3 Be7 7.Qd2 d5 8.exd5 
cxd5 9.Bb5+ Nc6 10.Ne5 Qb6 11.f3 Bh5 12.O-O a6 13.Bxc6+ bxc6 14.Na4 Qb5 
15.b3 Bg6 16.Nxg6 hxg6 17.Nb2 c5 18.c4 dxc4 19.bxc4 Qb8 20.g3 Qc7 21.Qf2 
Rc8 22.Rfd1 Rh5 23.Na4 Qa5 24.Nxc5 Bxc5 25.dxc5 Nd7 26.Qb2 Ne5 27.Qb7 Qc7 
28.Qxc7 Rxc7 29.Kg2 Nxc4 30.Bf2 Re5 31.Rac1 Ne3+ 32.Bxe3 Rxe3 33.Rd6 Re2+ 
34.Kh3 Rxa2 35.Rb6 Ke7 0-1

[Event "Uppsala Young Champions 2015"]
[Site "Vaksala torg, Uppsala, Sweden"]
[Date "2015.10.30"]
[Round "3.1"]
[White "Berglind, Axel"]
[Black "Moradi, Kimia"]
[Result "1/2-1/2"]
[WhiteElo "2078"]
[BlackElo "2033"]

1.c4 e6 2.Nf3 Nf6 3.g3 d5 4.Bg2 Be7 5.O-O O-O 6.d4 Nbd7 7.Qc2 c6 8.Nbd2 b6
9.b3 Bb7 10.Bb2 Rc8 11.e4 Nxe4 12.Nxe4 dxe4 13.Qxe4 Nf6 14.Qc2 Qc7 15.Rad1
Rfd8 16.Rfe1 Nd7 17.Bc1 Qb8 18.Bf4 Qa8 19.Ng5 Nf8 20.c5 Rd7 21.Ne4 Rcd8 
22.Bd6 Ng6 23.h4 Bxd6 24.Nxd6 Ne7 25.b4 Nc8 26.Nxb7 Qxb7 27.b5 Rxd4 28.
bxc6 Qc7 29.Rxd4 Rxd4 30.cxb6 Nxb6 31.Rd1 Rc4 32.Qd2 g6 33.Qd8+ Qxd8 34.
Rxd8+ Kg7 35.Rb8 Nd5 36.Rc8 Ne7 37.Rc7 Nd5 38.Rxa7 Rxc6 39.Be4 Rc1+ 40.Kg2
Nc3 41.Bf3 Ra1 42.a3 Nb5 43.Rb7 Nd4 44.Ra7 1/2-1/2

[Event "Uppsala Young Champions 2015"]
[Site "Vaksala torg, Uppsala, Sweden"]
[Date "2015.10.30"]
[Round "3.2"]
[White "Cardenas, William"]
[Black "Denisov, Vladislav"]
[Result "1/2-1/2"]
[WhiteElo "1832"]
[BlackElo "2082"]

1.d4 d5 2.c4 e6 3.Nc3 Nf6 4.Nf3 Be7 5.Bg5 O-O 6.e3 Nbd7 7.cxd5 exd5 8.Bd3 
c6 9.O-O Ne4 10.Bxe7 Qxe7 11.Bxe4 dxe4 12.Nd2 Nf6 13.f3 exf3 14.Qxf3 Be6 
15.Rae1 Rad8 16.Qg3 c5 17.Nf3 Bc4 18.Rf2 Rfe8 19.Rd2 Ne4 20.Nxe4 Qxe4 21.
Qc7 Rc8 22.Qa5 cxd4 23.exd4 Qd5 24.Rxe8+ Rxe8 25.Qxd5 Bxd5 26.b3 f6 27.Rc2
Kf7 28.Rc5 Bxf3 29.gxf3 Ke6 30.Kf2 Kd6 31.h4 b6 32.Rc4 g6 33.a4 Kd7 34.a5 
Rc8 35.axb6 axb6 36.Kg3 Ra8 37.d5 Ra5 38.Rc6 Rxd5 39.Rxb6 Ke7 40.Rb7+ Ke6 
41.Rxh7 Rb5 42.Rc7 Rxb3 43.Rc6+ Ke5 44.h5 gxh5 45.Rc5+ Ke6 46.Rxh5 Rb6 
1/2-1/2

[Event "Uppsala Young Champions 2015"]
[Site "Vaksala torg, Uppsala, Sweden"]
[Date "2015.10.30"]
[Round "3.3"]
[White "Jappinen, Erland"]
[Black "Nilsson, Joakim"]
[Result "1/2-1/2"]
[WhiteElo "1729"]
[BlackElo "2037"]

1.d4 Nf6 2.c4 c5 3.d5 e5 4.Nc3 d6 5.e4 Be7 6.g3 O-O 7.Bg2 Ne8 8.Nge2 a6 9.
a4 g6 10.O-O Ng7 11.f4 f5 12.fxe5 dxe5 13.Bd2 Nd7 14.Nc1 Bg5 15.Nd3 Rb8 
16.Bxg5 Qxg5 17.Qe2 Re8 18.Qf2 b6 19.a5 bxa5 20.Rxa5 Qd8 21.Rfa1 fxe4 22.
Nxe4 Rf8 23.Qe2 Qb6 24.Kh1 Nf5 25.Nexc5 Nd4 26.Qd1 Nxc5 27.Nxc5 Qxb2 28.
Nxa6 Bxa6 29.Rxa6 Rf2 30.R6a2 Qxa2 31.Rxa2 Rxa2 32.d6 Kg7 33.c5 Rbb2 34.d7
Rxg2 35.d8=Q Rxh2+ 36.Kg1 Rag2+ 37.Kf1 Rf2+ 38.Ke1 Nf3+ 39.Qxf3 Rxf3 40.
Qc7+ Kh6 41.Qxe5 Rhf2 42.g4 Rf1+ 43.Ke2 R1f2+ 1/2-1/2

[Event "Uppsala Young Champions 2015"]
[Site "Vaksala torg, Uppsala, Sweden"]
[Date "2015.10.30"]
[Round "3.4"]
[White "Bit-Narva, David"]
[Black "Samuelsson, Niclas"]
[Result "1-0"]
[WhiteElo "2036"]
[BlackElo "1912"]

1.e4 c5 2.Nf3 d6 3.c3 Nf6 4.Be2 Nc6 5.d4 cxd4 6.cxd4 g6 7.Nc3 Bg7 8.O-O 
O-O 9.h3 a6 10.a4 d5 11.e5 Ne4 12.Ra3 h6 13.Be3 Be6 14.Nd2 Nxc3 15.Rxc3 
Qb6 16.Nb3 Na5 17.Nc5 Rac8 18.Qd2 Kh7 19.Nxe6 fxe6 20.Qd3 Rxc3 21.Qxc3 Nc6
22.Qd3 Rg8 23.Bh5 Bh8 24.h4 Qxb2 25.Bxg6+ Kg7 26.Bh7 Nxe5 27.dxe5 1-0

[Event "Uppsala Young Champions 2015"]
[Site "Vaksala torg, Uppsala, Sweden"]
[Date "2015.10.30"]
[Round "3.5"]
[White "Kassani, Sam"]
[Black "Fossan, Andreas"]
[Result "1/2-1/2"]
[WhiteElo "2171"]
[BlackElo "1911"]

1.d4 d5 2.Nc3 Nf6 3.Bg5 Nbd7 4.Qd3 c5 5.Bxf6 Nxf6 6.dxc5 e6 7.O-O-O Bd7 8.
e4 dxe4 9.Nxe4 Nxe4 10.Qxe4 Qc7 11.Nf3 Bc6 12.Qd4 Bxf3 13.gxf3 a6 14.Kb1 
Rc8 15.Bh3 Rg8 16.Rhe1 Bxc5 17.Qa4+ Qc6 18.Bxe6 Qxa4 19.Bd7+ Kf8 20.Bxa4 
b5 21.Bb3 Re8 22.a4 b4 23.a5 g6 24.Rxe8+ Kxe8 25.Ba4+ Ke7 26.Rd7+ Kf6 27.
Bb3 Rf8 28.Bc4 Bxf2 29.Rd6+ Kg5 30.Rxa6 Kh4 31.Rf6 Kh3 32.c3 bxc3 33.b4 
Rd8 34.Rxf7 h5 35.Kc2 Kxh2 36.b5 h4 37.Rh7 Ra8 38.a6 Kg3 39.Be6 g5 40.Kxc3
Rb8 41.Kc4 Kxf3 42.a7 Bxa7 43.Rxa7 g4 44.Rf7+ Kg3 45.Rg7 Re8 46.Rxg4+ Kh3 
47.Rg6+ Kh2 48.Rh6 Kg3 49.b6 Kg2 50.b7 Rb8 51.Rxh4 Rxb7 52.Bd5+ Kg3 53.Rh8
Rc7+ 54.Kd4 Rd7 55.Rh5 Kg4 56.Re5 Kf4 57.Re4+ Kg5 58.Ke5 Ra7 59.Re1 Ra4 
60.Rf1 Rb4 61.Rf7 Rb6 62.Rc7 Ra6 63.Rc5 Rb6 64.Ra5 Kg4 65.Be6+ Kf3 66.Ra4 
Ke3 67.Ra3+ Kd2 68.Bc4 Rb8 69.Kd4 Rd8+ 70.Bd5 Rc8 71.Rd3+ Kc2 72.Rf3 Rh8 
73.Rf2+ Kd1 74.Bf3+ Ke1 75.Ra2 Rd8+ 76.Ke3 Re8+ 77.Be4 Rd8 78.Rh2 Rf8 79.
Bd5 Re8+ 80.Be4 Rf8 81.Bc6 Rf7 82.Rh1+ Rf1 83.Rh7 Rf6 84.Be4 Rf8 85.Rh6 
Rf7 86.Rh2 Rf8 87.Bc6 Rf7 88.Rh1+ Rf1 89.Rh6 Rf7 90.Be4 Rf8 91.Rb6 Rd8 92.
Bg6 Rd7 93.Rb1+ Rd1 94.Rb7 Rd6 95.Bf5 Rd8 96.Bd7 Kf1 97.Rb1+ Kg2 98.Bc6+ 
Kg3 99.Rg1+ Kh4 100.Be4 Rf8 101.Rg7 Kh5 102.Kd4 Rd8+ 103.Ke5 Re8+ 104.Kd5 
1/2-1/2

[Event "Uppsala Young Champions 2015"]
[Site "Vaksala torg, Uppsala, Sweden"]
[Date "2015.10.30"]
[Round "3.6"]
[White "Ljunggren, Teddie"]
[Black "Berntsen-Oybo, August"]
[Result "1-0"]
[WhiteElo "1829"]
[BlackElo "1909"]

1.e4 c5 2.d4 cxd4 3.c3 d3 4.Bxd3 Nc6 5.Nf3 e5 6.O-O Nf6 7.Bg5 Be7 8.Bxf6 
Bxf6 9.Qe2 O-O 10.Rd1 d6 11.h3 Kh8 12.Nbd2 Be7 13.Nf1 f5 14.exf5 Bxf5 15.
Ng3 Be6 16.Qc2 Bg8 17.Nf5 d5 18.Nxe7 Qxe7 19.Bb5 a6 20.Ba4 Rad8 21.Rd2 Be6
22.Bxc6 bxc6 23.Nxe5 Qd6 24.Re1 Bf5 25.Qd1 Qf6 26.Qf3 Kg8 27.Ng4 Bxg4 28.
Qxf6 Rxf6 29.hxg4 Rfd6 30.Re7 R8d7 31.Rde2 Kf8 32.Rxd7 Rxd7 33.Re6 Rc7 34.
f4 Kf7 35.f5 g6 36.b3 a5 37.Kf2 h5 38.Rxg6 hxg4 39.Rxg4 Kf6 40.Ra4 Kxf5 
41.Rxa5 Ke4 42.Ke2 Rg7 43.Ra4+ Ke5 44.g4 Rh7 45.Kd2 Rh2+ 46.Kd3 Rh3+ 47.
Kc2 Rh2+ 48.Kb1 Rg2 49.Rd4 Rf2 50.b4 Rg2 51.a4 Rf2 52.a5 Rh2 53.Rd1 Rg2 
54.Rd4 Rh2 55.a6 Rh7 56.Rd2 Ra7 57.Ra2 Kf4 58.Kb2 Kxg4 59.Kb3 Kf5 60.c4 
Ke6 61.b5 dxc4+ 62.Kxc4 cxb5+ 63.Kxb5 Kd7 64.Kb6 Ra8 65.Kb7 Rh8 66.a7 Rh3 
67.Rd2+ Ke6 68.a8=Q Rb3+ 69.Kc6 Rc3+ 70.Kb5 Rb3+ 71.Kc4 Rg3 72.Qe8+ Kf5 
73.Rf2+ Kg4 74.Qg6+ Kh4 75.Rh2+ Rh3 76.Rxh3+ 1-0

[Event "Uppsala Young Champions 2015"]
[Site "Vaksala torg, Uppsala, Sweden"]
[Date "2015.10.31"]
[Round "4.1"]
[White "Denisov, Vladislav"]
[Black "Berglind, Axel"]
[Result "1/2-1/2"]
[WhiteElo "2082"]
[BlackElo "2078"]

1.e4 c5 2.Nf3 d6 3.c3 Nf6 4.Bd3 Nc6 5.Bc2 Bg4 6.h3 Bxf3 7.Qxf3 e6 8.O-O 
Be7 9.Qe2 O-O 10.Rd1 Qc7 11.d4 cxd4 12.cxd4 e5 13.dxe5 dxe5 14.Be3 Nb4 15.
Nc3 Nxc2 16.Qxc2 Bb4 17.Rac1 Bxc3 18.Qxc3 Qxc3 19.Rxc3 Nxe4 20.Rc7 b6 21.
Rd5 Nf6 22.Rxe5 Rfe8 23.Rxe8+ Nxe8 24.Rb7 h6 25.Bf4 Nf6 26.Bb8 a6 27.Be5 
Nd5 28.Bb8 b5 29.g3 Nb4 30.a3 Nc6 31.Bf4 Na5 32.Rd7 Nc4 33.Bc1 Rc8 34.Rd1 
Rc6 35.Kf1 Kf8 1/2-1/2

[Event "Uppsala Young Champions 2015"]
[Site "Vaksala torg, Uppsala, Sweden"]
[Date "2015.10.31"]
[Round "4.2"]
[White "Moradi, Kimia"]
[Black "Bit-Narva, David"]
[Result "0-1"]
[WhiteElo "2033"]
[BlackElo "2036"]

1.e4 c5 2.c3 d5 3.exd5 Qxd5 4.d4 Nc6 5.Nf3 Bg4 6.Be2 cxd4 7.cxd4 e6 8.Nc3 
Qa5 9.O-O Nf6 10.Be3 Be7 11.a3 O-O 12.b4 Qd8 13.Rc1 Rc8 14.Qa4 Bd6 15.Rfd1
h6 16.Ne5 Bxe2 17.Nxe2 Bxe5 18.dxe5 Nd5 19.Bc5 Re8 20.Bd6 Qg5 21.Rf1 Nxe5 
22.f4 Qg4 23.fxe5 Qxe2 24.Rxc8 Rxc8 25.Qd7 Ne3 26.Qxf7+ Kh7 27.Qf3 Qxf1+ 
28.Qxf1 Nxf1 29.Kxf1 b5 30.Bc5 Kg6 31.Ke2 Kf5 32.Ke3 Kxe5 33.Bd4+ Kd5 34.
Bxg7 Rg8 35.Bxh6 Rxg2 36.Bf4 e5 37.Bg3 Ra2 38.h4 Rxa3+ 39.Kf2 e4 40.h5 e3+
41.Ke2 Ke4 42.h6 Ra6 43.h7 Rh6 44.Bb8 Rxh7 45.Ke1 0-1

[Event "Uppsala Young Champions 2015"]
[Site "Vaksala torg, Uppsala, Sweden"]
[Date "2015.10.31"]
[Round "4.3"]
[White "Jappinen, Erland"]
[Black "Cardenas, William"]
[Result "0-1"]
[WhiteElo "1729"]
[BlackElo "1832"]

1.d4 Nf6 2.c4 e6 3.Nc3 Bb4 4.e3 O-O 5.Ne2 Re8 6.a3 Bf8 7.Ng3 d5 8.cxd5 
exd5 9.Bd3 c6 10.Qc2 a5 11.Bd2 Na6 12.Nce2 Bd6 13.O-O Nc7 14.b4 axb4 15.
axb4 Rxa1 16.Rxa1 Qe7 17.Rb1 Bd7 18.Nf5 Bxf5 19.Bxf5 g6 20.Bd3 Ne6 21.b5 
c5 22.dxc5 Nxc5 23.Bb4 Ng4 24.Bxc5 Bxc5 25.Ng3 Bxe3 26.Rf1 Qh4 0-1

[Event "Uppsala Young Champions 2015"]
[Site "Vaksala torg, Uppsala, Sweden"]
[Date "2015.10.31"]
[Round "4.4"]
[White "Nilsson, Joakim"]
[Black "Kassani, Sam"]
[Result "1-0"]
[WhiteElo "2037"]
[BlackElo "2171"]

1.e4 c5 2.Nf3 Nc6 3.Bb5 Na5 4.O-O a6 5.Be2 d6 6.d4 cxd4 7.Qxd4 Nc6 8.Qe3 
Nf6 9.h3 e6 10.Rd1 Qc7 11.c4 Be7 12.Nc3 O-O 13.b3 b6 14.Ba3 Bb7 15.Rac1 
Rfd8 16.Nd5 exd5 17.cxd5 Qd7 18.dxc6 Bxc6 19.Ne5 dxe5 20.Rxd7 1-0

[Event "Uppsala Young Champions 2015"]
[Site "Vaksala torg, Uppsala, Sweden"]
[Date "2015.10.31"]
[Round "4.5"]
[White "Samuelsson, Niclas"]
[Black "Berntsen-Oybo, August"]
[Result "0-1"]
[WhiteElo "1912"]
[BlackElo "1909"]

1.d4 d5 2.c4 e6 3.Nf3 Nf6 4.Nc3 Nbd7 5.Bg5 c6 6.e3 Qa5 7.Nd2 Bb4 8.Qc2 Ne4
9.Ndxe4 dxe4 10.Bf4 O-O 11.Be2 e5 12.Bg3 f5 13.dxe5 Nxe5 14.Bxe5 Qxe5 15.
a3 Bxc3+ 16.Qxc3 Qxc3+ 17.bxc3 Be6 18.O-O Rad8 19.Rfd1 c5 20.Kf1 Kf7 21.
Rab1 b6 22.Ke1 Ke7 23.g3 g5 24.Rxd8 Rxd8 25.a4 Kd6 26.Rb2 Kc7 27.Rb1 Rd6 
28.Rd1 Rxd1+ 29.Kxd1 Bd7 30.a5 bxa5 31.Kc2 Kd6 32.Kb2 Ke5 33.Ka3 f4 34.Bd1
f3 35.Ba4 Be6 36.Bb5 Kf5 37.Ka4 Kg4 38.Bc6 Bxc4 39.Bd7+ Kh5 40.Bf5 Bd3 41.
h3 Kh6 42.Kxa5 Kg7 43.Be6 Kf6 44.Bd5 Kf5 45.c4 Bf1 46.Kb5 Bxh3 47.Kxc5 Ke5
48.Bf7 Bg4 49.Kb5 h5 50.c5 h4 51.c6 Kd6 52.gxh4 gxh4 53.Bg6 h3 0-1

[Event "Uppsala Young Champions 2015"]
[Site "Vaksala torg, Uppsala, Sweden"]
[Date "2015.10.31"]
[Round "4.6"]
[White "Fossan, Andreas"]
[Black "Ljunggren, Teddie"]
[Result "1-0"]
[WhiteElo "1911"]
[BlackElo "1829"]

1.d4 Nf6 2.c4 c5 3.d5 b5 4.Qc2 bxc4 5.e4 g6 6.Bxc4 d6 7.Nc3 Bg7 8.Nf3 O-O 
9.O-O Ba6 10.Nb5 Nbd7 11.Nxd6 exd6 12.Bxa6 Qb6 13.Bc4 Rae8 14.Re1 Ng4 15.
Rb1 f5 16.h3 Nge5 17.Nxe5 Bxe5 18.Bh6 Rf7 19.exf5 Rxf5 20.Bd3 Rh5 21.Bxg6 
Rxh6 22.Bxe8 Nf6 23.Bc6 Qb4 24.Rxe5 dxe5 25.d6 Qb6 26.Qb3+ Kf8 27.Qxb6 
axb6 28.Rd1 1-0

[Event "Uppsala Young Champions 2015"]
[Site "Vaksala torg, Uppsala, Sweden"]
[Date "2015.10.31"]
[Round "5.1"]
[White "Berglind, Axel"]
[Black "Bit-Narva, David"]
[Result "1/2-1/2"]
[WhiteElo "2078"]
[BlackElo "2036"]

1.c4 Nf6 2.Nf3 g6 3.g3 Bg7 4.Bg2 O-O 5.O-O d6 6.Nc3 e5 7.d3 Re8 8.Rb1 c6 
9.b4 d5 10.cxd5 cxd5 11.Bg5 h6 12.Bxf6 Bxf6 13.e4 dxe4 14.dxe4 Be6 15.Qe2 
Nc6 16.Rfd1 Qe7 17.Nd5 Bxd5 18.Rxd5 Rad8 19.b5 Rxd5 20.exd5 Nd4 21.Nxd4 
exd4 22.Qxe7 Rxe7 23.Bf1 Rd7 24.Bc4 Rc7 25.Bb3 Rc5 26.d6 Kf8 27.Re1 Rc8 
28.Bd5 Rd8 29.Bxb7 Rxd6 30.Rd1 d3 31.f4 Bc3 32.Kf2 Ke7 33.Ke3 d2 34.Bf3 
Bd4+ 35.Ke2 Bc3 36.Ke3 Bd4+ 37.Ke2 Bc3 38.Ke3 Kd7 39.Rb1 Kc7 40.Rb3 Ba5 
41.Rd3 Rxd3+ 42.Kxd3 Kd6 43.Kc4 f5 44.h3 Bb6 45.Kd3 Bf2 46.g4 Bg3 47.Kxd2 
fxg4 48.Bxg4 Bxf4+ 49.Kd3 Kc5 50.Bd7 1/2-1/2

[Event "Uppsala Young Champions 2015"]
[Site "Vaksala torg, Uppsala, Sweden"]
[Date "2015.10.31"]
[Round "5.2"]
[White "Nilsson, Joakim"]
[Black "Denisov, Vladislav"]
[Result "0-1"]
[WhiteElo "2037"]
[BlackElo "2082"]

1.e4 c6 2.d4 d5 3.Nc3 dxe4 4.Nxe4 Bf5 5.Ng3 Bg6 6.Nf3 Nd7 7.h4 h6 8.h5 Bh7
9.Bd3 Bxd3 10.Qxd3 e6 11.Bd2 Ngf6 12.O-O-O Be7 13.Ne4 Nxe4 14.Qxe4 Nf6 15.
Qe2 Qd5 16.Kb1 O-O-O 17.Bc1 Qe4 18.Rde1 Qxe2 19.Rxe2 Bd6 20.Rh4 Rd7 21.Ne5
Re7 22.Bf4 Rd8 23.Bc1 c5 24.dxc5 Bxc5 25.Rc4 Rc7 26.Nxf7 Rd5 27.Ne5 Bd6 
28.Rxc7+ Kxc7 29.Nc4 Kd7 30.Nxd6 Rxd6 31.c3 Nxh5 32.g3 b6 33.Kc2 Nf6 34.
Bf4 Rd5 35.c4 Rc5 36.Kd3 Rf5 37.b4 g5 38.Be3 Ng4 39.a4 h5 40.f4 h4 41.gxh4
gxf4 42.Bxf4 Rxf4 43.Rg2 Ne5+ 44.Ke3 Rxh4 45.Rg7+ Kc6 46.Rxa7 Rxc4 47.a5 
Rxb4 48.a6 Ra4 49.Ra8 Kb5 50.Re8 Rxa6 51.Rxe6 Nc6 52.Kd3 Ra3+ 53.Kd2 Rh3 
54.Rg6 Rh5 55.Kc3 Kc5 56.Kb3 b5 57.Rg8 Rh3+ 58.Kb2 Kc4 59.Rc8 Rh6 60.Kc2 
Kb4 61.Rg8 Rh2+ 62.Kb1 Ne5 63.Rg3 Nc4 64.Rg4 Re2 65.Ka1 Kb3 66.Rg1 b4 67.
Rd1 Ra2+ 0-1

[Event "Uppsala Young Champions 2015"]
[Site "Vaksala torg, Uppsala, Sweden"]
[Date "2015.10.31"]
[Round "5.3"]
[White "Cardenas, William"]
[Black "Moradi, Kimia"]
[Result "1-0"]
[WhiteElo "1832"]
[BlackElo "2033"]

1.d4 Nf6 2.c4 e6 3.Nf3 b6 4.a3 Bb7 5.Nc3 Be7 6.d5 exd5 7.cxd5 O-O 8.e4 d6 
9.Bd3 c6 10.O-O cxd5 11.exd5 Na6 12.Nd4 Nc7 13.Nc6 Bxc6 14.dxc6 d5 15.Bf4 
Ne6 16.Be5 d4 17.Ne4 Rc8 18.Rc1 Nc5 19.Nxc5 bxc5 20.Bxf6 Bxf6 21.Qh5 g6 
22.Qxc5 Rc7 23.b4 Re8 24.Rfe1 Be7 25.Qe5 Rf8 26.Rc4 Bd6 27.Qa5 Qh4 28.g3 
Qg4 29.Qd5 Rd8 30.Rxd4 Qc8 31.b5 Be7 32.Qxd8+ Bxd8 33.Re8+ Kg7 34.Rexd8 
Qe6 35.R8d7 Qe1+ 36.Kg2 Qa5 37.Rxc7 Qxc7 38.Rd7 Qe5 39.c7 Qc5 40.Be4 1-0